Les Ministres de l'Intérieur sous la Ve République - Statistiques

Statistiques générales
  • Ce quiz a été pris 171 fois
    48 depuis la dernière actualisation
  • Le résultat moyen est 21 sur 35
Statistiques - réponses
Mandat Parti Ministre % Correct
2024-2025 LR Bruno Retailleau
100%
2020-2024 LREM/RE Gérald Darmanin
100%
2002-2004 UMP Nicolas Sarkozy
100%
2005-2007 UMP Nicolas Sarkozy
100%
2025 Société Civile Laurent Nuñez
95%
2018-2020 LREM/RE Christophe Castaner
91%
2014-2016 PS Bernard Cazeneuve
86%
2017-2018 PS/LREM Gérard Collomb
86%
2012-2014 PS Manuel Valls
86%
2004-2005 UMP Dominique de Villepin
77%
1995-1997 RPR Jean-Louis Debré
77%
1986-1988 RPR Charles Pasqua
73%
1993-1995 RPR Charles Pasqua
73%
1974 UDR Jacques Chirac
73%
2011-2012 UMP Claude Guéant
68%
1997-2000 MDC Jean-Pierre Chevènement
68%
2009-2011 UMP Brice Hortefeux
64%
2007-2009 UMP Michèle Alliot-Marie
59%
1984-1986 PS Pierre Joxe
59%
1988-1991 PS Pierre Joxe
59%
2016-2017 PS Bruno Le Roux
55%
2018 DVD Édouard Philippe
50%
2007 UMP François Baroin
50%
1981-1984 PS Gaston Defferre
45%
2017 PS Matthias Fekl
45%
1974-1977 FNRI Michel Poniatowski
41%
1992-1993 PS Paul Quilès
36%
1968-1974 FNRI Raymond Marcellin
27%
1961-1967 UNR/UNR-UDT Roger Frey
27%
1991-1992 PS Philippe Marchand
23%
1967-1968 UNR-UDT Christian Fouchet
18%
1977-1981 FNRI/UDF-PR Christian Bonnet
14%
2000-2002 PS Daniel Valliant
14%
1959 PRV Jean Berthoin
9%
1959-1961 UNR Pierre Chatenet
5%
Aucun quiz correspondant
Distribution des résultats
% des personnes avec chaque résultat
Percentile par nombre de réponses
Votre historique - résultats
Vous n’avez pas pris ce quiz depuis la dernière actualisation